Nausicaä de la Vallée du Vent - Choix Multiples Ghibli #0 - Statistiques

Statistiques générales
  • Ce quiz a été pris 75 fois
  • Le résultat moyen est 12 sur 18
Statistiques - réponses
Question Réponse % Correct
Qui en est le réalisateur ? Hayao Miyazaki
90%
Laquelle de ces images n'est pas tirées du film ?
87%
Pourquoi les ômus chargent-ils en direction des lacs d'acide et de la Vallée du Vent ? Parce que des soldats de Pejite ont capturé et blessé l'un de leurs petits.
85%
Que découvrent Asbel et Nausicaä sous la Mer de la décomposition ? Que la forêt purifie en fait les sols et les eaux souillés par l'Homme
84%
Que Nausicaä cache-t-elle dans les soubassements du château de la Vallée du Vent ? Des plantes cultivées de manière à ne pas libérer de toxines
80%
Que réalise Obaba, la vieille aveugle, au sujet de Nausicaä ? Qu'elle est l'être vêtu de bleu de la légende
79%
Qui déguise Nausicaä pour l'aider à s'échapper du vaisseau de Pejite ? La mère d'Asbel et Lastelle
77%
Quel nom Nausicaä donne-t-elle à la créature sauvage que lui confie maître Yupa ? Teto
74%
Comment est appelée la forêt dont les spores sont mortels pour les humains ? La Fukai
72%
De quoi le film est-il une adaptation ? D'un manga d'Hayao Miyazaki
70%
Qu'envisagent d'utiliser les Tolmèques contre les insectes géants et la forêt de spores ? Un Dieu-guerrier de l'ancien monde
70%
Sur quelle image le film se termine-t-il ? Une jeune pousse près du casque abandonné de Nausicaä
69%
Que les recettes du film ont-elles permis de financer ? La création du Studio Ghibli
64%
D'où Asbel et Lastelle sont-ils originaires ? De la Cité de Pejite
57%
Quel type d'œuvre est le thème principal du film composé par Joe Hisaishi, comme mis en avant par son titre ? Un requiem
57%
En quelle année le film est-il sorti au Japon ? 1984
41%
Sous quel nom le film (amputé de nombreuses scènes) était-il connu en France jusqu'en 2007 ? La Princesse des étoiles
34%
A quelle catastrophe sanitaire et environnementale le film fait-il notamment écho ? A la maladie de Minamata
13%
Aucun quiz correspondant
Distribution des résultats
% des personnes avec chaque résultat
Percentile par nombre de réponses
Votre historique - résultats
Vous n’avez pas pris ce quiz